000 nam a22 7a 4500
999 _c9375
_d9375
008 180129b ||||| |||| 00| 0 eng d
100 _aWestwood.P.
_95608
245 _aLearning Difficulties
260 _aAustralia
_bACER PRESS
_c2008